Don Bosco

Náboženský (rím.-kat.) regionálny leták

Bibliographic Details
Corporate Authors: Rímskokatolícky dekanský úrad pre obvod Trnava-mesto (Publisher), Spolok sv. Vojtecha (Trnava, Slovensko)
Other Authors: Lazík, Ambróz, 1897-1969 (Publishing director)
Format: Journal
Language:Slovak
PhysicalDescription:3 čís. 30 x 23 cm
Published: Trnava [s.n.] 1941-1943
Trnava Rím.-kat. dek. úrad pre obvod Trnava/Mesto
Subjects:

MARC

LEADER 00000nas a22000001a 4500
001 vtls010300047
003 SK-MaSNL
005 20260228162442.0
008 110810d19411944xo r p r 0 b0slo
015 |a SNBDS17XX9999 
015 |a 0072  |2 Fedor 1939-44 
038 |a SNKBUDS 
040 |a SNK  |b slo  |c SNK  |e AACR2 
041 0 |a slo 
044 |a xo  |c SK 
245 0 0 |a Don Bosco 
260 |a Trnava  |b [s.n.]  |c 1941-1943 
260 3 |3 1944  |a Trnava  |b Rím.-kat. dek. úrad pre obvod Trnava/Mesto 
300 |a 3 čís.  |c 30 x 23 cm 
310 |a Periodicita sa nedá určiť 
362 0 |a Č. 1 (1941)-č. 1 (dec. 1944) 
500 |a Zmena podnázvu: Leták Saleziánskeho sociálneho domu mládeže a farnosti sv. Don Bosca na Kopánke v Trnave (1943); Ročnica saleziánskeho oratória a sociálneho domu mládeže v Trnave na Kopánke (1944) 
500 |a Vych. v Trnave (príležitostne) 
500 |a Za red. zodp. Ambróz Lazík (1944) 
500 |a Maj. a vyd. Rím.-kat. dek. úrad pre obvod Trnava/Mesto so sídlom v Trnave (1944) 
500 |a Tlač. Kníhtlač. Urbánek a spol. (1943); Spolok Sv. Vojtecha (1944) 
505 8 0 |g Rok 1941 1 čís. 
505 8 0 |g Rok 1943 1 čís. (vianočné) 8 s. 
505 8 0 |g Rok 1944 1 čís. (vianočné) 8 s. + 4 s. 
520 |a Náboženský (rím.-kat.) regionálny leták 
610 2 7 |a Katolícka cirkev  |2 SNKBUDS  |9 206702 
650 0 7 |a náboženstvo  |2 SNKPH  |9 2023 
655 7 |a katolícke náboženské časopisy  |2 SNKBUDS  |9 268945 
655 7 |a regionálne mládežnícke časopisy  |2 SNKBUDS  |9 271111 
700 1 |a Lazík, Ambróz,  |d 1897-1969  |4 pbd  |9 40390 
710 2 |a Rímskokatolícky dekanský úrad pre obvod Trnava-mesto  |e vydav.  |9 271112 
710 2 |a Kníhtlač Fr. Urbánek a spol. (Trnava, Slovensko)  |4 pbl  |9 269468 
710 2 |a Spolok sv. Vojtecha (Trnava, Slovensko)  |9 34261 
852 |a SNK  |b 10000  |h ČSB 1154 
852 |a UKB  |b 300000  |h 20 C 315 
852 |a UKB  |b 300000  |h SC 545 
958 |a OND 
999 |c 7900  |d 9830 
952 |0 0  |1 0  |4 0  |7 0  |a SNK  |b SNK  |d 2006-02-14  |i snkF 1405/68  |l 0  |o snkČSB 1154/1941  |p 17A0498283  |r 2026-02-21 19:46:43  |t č. vianočné  |w 2026-02-21  |y VYP 
952 |0 0  |1 0  |4 0  |7 0  |a SNK  |b SNK  |d 2006-02-14  |i snkČSP 123/57  |l 0  |o snkČSB 1154/1944  |p 17A0498284  |r 2026-02-21 19:46:43  |t č. vianočné  |w 2026-02-21  |y VYP 
952 |0 0  |1 0  |4 0  |7 0  |a SNK  |b SNK  |d 2006-02-14  |i snkČSP 124/57  |l 0  |o snkČSB 1154/1943  |p 17A0498097  |r 2026-02-21 19:46:43  |t č. vianočné  |w 2026-02-21  |y VYP